Metódy marketingového rozhodovania /

Gespeichert in:
Bibliographische Detailangaben
1. Verfasser: Kita, Jaroslav (Verfasst von)
Format: Buch
Sprache:Slowakisch
Veröffentlicht: Bratislava : Vysoká škola ekonomická, Bratislava, 1991
Ausgabe:1.vyd.
Schlagworte:
Online-Zugang:OBSAH
Tags: Tag hinzufügen
Keine Tags, Fügen Sie das erste Tag hinzu!

MARC

LEADER 00000nam a22000003a 4500
001 stu37737
005 20150617225728.4
008 920820s1991----cs------------------slo-d
020 |a 80-225-0299-5 
040 |a STU  |b slo 
041 0 |a slo 
044 |a cs 
080 |a 658.8(075.8) 
100 1 |a Kita, Jaroslav  |4 aut 
245 1 |a Metódy marketingového rozhodovania /  |c [aut.]Jaroslav Kita 
250 |a 1.vyd. 
260 |a Bratislava :  |b Vysoká škola ekonomická, Bratislava,  |c 1991 
300 |a 167 s 
650 7 |a marketing  |2 estusub 
650 7 |a rozhodovanie  |2 stusub 
856 4 |a https://sweb.mtf.stuba.sk/obsahy/Metody_marketingoveho_rozhodovania_91  |u https://sweb.mtf.stuba.sk/obsahy/Metody_marketingoveho_rozhodovania_91  |3 OBSAH 
996 |b 284M038590  |c M*S-635-1  |l MMKN  |s A  |a 24  |w stu37737_0001